| 000 | 00466 a2200181 4500 | ||
|---|---|---|---|
| 003 | Nust | ||
| 005 | 20221219130656.0 | ||
| 040 | _cNust | ||
| 082 | _a100, HIN | ||
| 100 |
_a Hinton, Charles Howard, _9105211 |
||
| 245 |
_aScientific romances, _c Hinton, Charles Howard, 1853-1907. |
||
| 250 | _a2nd | ||
| 260 |
_aLondon, _bGeorge Allen _c1907. |
||
| 300 | _a177p.; | ||
| 505 | _aNo Contant Available | ||
| 650 |
_aScientific Romances _9105212 |
||
| 942 |
_2ddc _cBK |
||
| 999 |
_c178956 _d178956 |
||